Forging democracy from below : (Record no. 10120)
[ view plain ]
| 000 -LEADER | |
|---|---|
| fixed length control field | 01780cam a22003614a 4500 |
| 001 - CONTROL NUMBER | |
| control field | 11906804 |
| 005 - DATE AND TIME OF LATEST TRANSACTION | |
| control field | 20020821200205.0 |
| 008 - FIXED-LENGTH DATA ELEMENTS--GENERAL INFORMATION | |
| fixed length control field | 000209s2000 enka b 001 0 eng |
| 010 ## - LIBRARY OF CONGRESS CONTROL NUMBER | |
| LC control number | 00023018 |
| 020 ## - INTERNATIONAL STANDARD BOOK NUMBER | |
| International Standard Book Number | 0521788870 |
| 020 ## - INTERNATIONAL STANDARD BOOK NUMBER | |
| International Standard Book Number | 9780521788878 (pbk.) |
| 040 ## - CATALOGING SOURCE | |
| Original cataloging agency | DLC |
| Transcribing agency | DLC |
| Modifying agency | DLC |
| 042 ## - AUTHENTICATION CODE | |
| Authentication code | pcc |
| 043 ## - GEOGRAPHIC AREA CODE | |
| Geographic area code | f-sa--- |
| -- | nces--- |
| 050 00 - LIBRARY OF CONGRESS CALL NUMBER | |
| Classification number | JQ1981 |
| Item number | .W66 2000 |
| 082 00 - DEWEY DECIMAL CLASSIFICATION NUMBER | |
| Classification number | 320.968 |
| Edition number | 21 |
| Item number | WOO |
| 100 1# - MAIN ENTRY--PERSONAL NAME | |
| Personal name | Wood, Elisabeth Jean, |
| Dates associated with a name | 1957- |
| 9 (RLIN) | 21416 |
| 245 10 - TITLE STATEMENT | |
| Title | Forging democracy from below : |
| Remainder of title | insurgent transitions in South Africa and El Salvador / |
| Statement of responsibility, etc | Elisabeth Jean Wood. |
| 260 ## - PUBLICATION, DISTRIBUTION, ETC. (IMPRINT) | |
| Place of publication, distribution, etc | Cambridge, UK ; |
| -- | New York, NY, USA : |
| Name of publisher, distributor, etc | Cambridge University Press, |
| Date of publication, distribution, etc | c.2000. |
| 300 ## - PHYSICAL DESCRIPTION | |
| Extent | xxiii, 247 p. : |
| Other physical details | ill. ; |
| Dimensions | 24 cm. |
| 490 ## - Series Statement | |
| -- | 14554 |
| Series statement | Cambridge Studies in Comparative Politics |
| 504 ## - BIBLIOGRAPHY, ETC. NOTE | |
| Bibliography, etc | Includes bibliographical references (p. 221-237) and index. |
| 650 #0 - SUBJECT ADDED ENTRY--TOPICAL TERM | |
| Topical term or geographic name as entry element | Political participation |
| Geographic subdivision | South Africa. |
| 9 (RLIN) | 21417 |
| 650 #0 - SUBJECT ADDED ENTRY--TOPICAL TERM | |
| Topical term or geographic name as entry element | Political participation |
| Geographic subdivision | El Salvador. |
| 9 (RLIN) | 21418 |
| 650 #0 - SUBJECT ADDED ENTRY--TOPICAL TERM | |
| Topical term or geographic name as entry element | Democracy |
| Geographic subdivision | South Africa. |
| 9 (RLIN) | 21419 |
| 650 #0 - SUBJECT ADDED ENTRY--TOPICAL TERM | |
| Topical term or geographic name as entry element | Democracy |
| Geographic subdivision | El Salvador. |
| 9 (RLIN) | 21420 |
| 856 42 - ELECTRONIC LOCATION AND ACCESS | |
| Materials specified | Publisher description |
| Uniform Resource Identifier | <a href="http://www.loc.gov/catdir/description/cam021/00023018.html">http://www.loc.gov/catdir/description/cam021/00023018.html</a> |
| 856 41 - ELECTRONIC LOCATION AND ACCESS | |
| Materials specified | Table of contents |
| Uniform Resource Identifier | <a href="http://www.loc.gov/catdir/toc/cam026/00023018.html">http://www.loc.gov/catdir/toc/cam026/00023018.html</a> |
| 942 ## - ADDED ENTRY ELEMENTS (KOHA) | |
| Source of classification or shelving scheme | Dewey Decimal Classification |
| Item type | |
| Withdrawn status | Item status | Source of classification or shelving scheme | Damaged status | Not for loan | Home library | Current library | Shelving location | Date acquired | Source of acquisition | Total Checkouts | Full call number | Barcode | Date last seen | Cost, replacement price | Koha item type | Vendor | Cost, normal purchase price | Serial Enumeration / chronology | Total Renewals | Date last borrowed |
|---|---|---|---|---|---|---|---|---|---|---|---|---|---|---|---|---|---|---|---|---|
| Dewey Decimal Classification | Central Library | Central Library | First floor | 18/08/2008 | Purchase | 320.968 WOO | 000013763 | 15/07/2025 | 120.00 | NB - Book (Non borrowing) | ||||||||||
| Dewey Decimal Classification | Central Library | Central Library | First floor | 02/12/2010 | 4 | 320.968 WOO | 000022682 | 15/07/2025 | Book - Borrowing | Baccah | 154.00 | 10670 | 53 | 27/10/2015 |